LDR 00795naa#a2200181#i#450# 001 EN\\bibl\19909 005 20260701153059.3 100 ## _a20260630b2026####ek#y0engy0150####ca 102 ## _aRU 200 1# _aFORMALIZATION AND DATA REPRESENTATION MODEL OF SIMULATION RESULTS FOR PARAMETRIC VERIFICATION TASKS _eConference article/thesis 210 1# _aVoronezh _cFSBE Institution of Higher Education Voronezh State University of Forestry and Technologies named after G.F. Morozov _d2026 215 ## _a8 с. 608 ## _aConference article/thesis _2local 675 ## _aОбнаружение ошибок. Проверка достоверности данных. Верификация данных. 004.052.42 _z 700 #1 _aAlfimov _gA. V. 700 #1 _aAvilova _gO. A. 700 #1 _aTen _gR. V. 856 4# _abibl.vgltu.ru _u